Lo mejor del Siglo XXI • 2 Arq. Mexicanas 2005-2006 (Record no. 11523)

MARC details
000 -CABECERA
campo de control de longitud fija 01069nam a2200301 4500
003 - IDENTIFICADOR DEL NÚMERO DE CONTROL
campo de control OSt
005 - FECHA Y HORA DE LA ÚLTIMA TRANSACCIÓN
campo de control 20260530113853.0
008 - DATOS DE LONGITUD FIJA--INFORMACIÓN GENERAL
campo de control de longitud fija 260420b20052006uc a|||| |||| 00| 0 eng d
020 ## - NÚMERO INTERNACIONAL ESTÁNDAR DEL LIBRO
Número Internacional Estándar del Libro 9789685616089
040 ## - FUENTE DE LA CATALOGACIÓN
Centro catalogador/agencia de origen ICI
Lengua de catalogación spa
Centro/agencia transcriptor ICI
050 00 - SIGNATURA TOPOGRÁFICA DE LA BIBLIOTECA DEL CONGRESO
Número de clasificación NA759
Número de documento/Ítem .L64 2006
100 1# - ENTRADA PRINCIPAL--NOMBRE DE PERSONA
Nombre de persona Miquel Adría
9 (RLIN) 31429
110 2# - ENTRADA PRINCIPAL--NOMBRE DE ENTIDAD CORPORATIVA
Nombre de entidad corporativa o nombre de jurisdicción como elemento de entrada Reader's Digest México
9 (RLIN) 31430
245 10 - MENCIÓN DE TÍTULO
Título Lo mejor del Siglo XXI • 2 Arq. Mexicanas 2005-2006
Mención de responsabilidad, etc. Reader's Digest México
264 #1 - PRODUCCIÓN, PUBLICACIÓN, DISTRIBUCIÓN, FABRICACIÓN Y COPYRIGHT
Nombre del de productor, editor, distribuidor, fabricante Reader's Digest México,
Fecha de producción, publicación, distribución, fabricación o copyright 2005-2006
Producción, publicación, distribución, fabricación y copyright México :
300 ## - DESCRIPCIÓN FÍSICA
Extensión 300 páginas
Otras características físicas ilustraciones a color ;
Dimensiones 28 cm
336 ## - TIPO DE CONTENIDO
Término de tipo de contenido texto
Fuente rdacontent
337 ## - TIPO DE MEDIO
Nombre/término del tipo de medio sin medio
Fuente rdamedia
338 ## - TIPO DE SOPORTE
Nombre/término del tipo de soporte volumen
Fuente rdacarrier
500 ## - NOTA GENERAL
Nota general Compilación de obras y tendencias de la arquitectura mexicana contemporánea.
650 ## - PUNTO DE ACCESO ADICIONAL DE MATERIA--TÉRMINO DE MATERIA
Término de materia o nombre geográfico como elemento de entrada Arquitectura
Subdivisión cronológica Siglo XXI
Subdivisión geográfica México
9 (RLIN) 31431
650 ## - PUNTO DE ACCESO ADICIONAL DE MATERIA--TÉRMINO DE MATERIA
Término de materia o nombre geográfico como elemento de entrada Arquitectura mexicana
Subdivisión cronológica Siglo XXI
9 (RLIN) 31432
650 ## - PUNTO DE ACCESO ADICIONAL DE MATERIA--TÉRMINO DE MATERIA
Término de materia o nombre geográfico como elemento de entrada Edificios
Subdivisión general Diseño
Subdivisión geográfica México
9 (RLIN) 31433
650 ## - PUNTO DE ACCESO ADICIONAL DE MATERIA--TÉRMINO DE MATERIA
Término de materia o nombre geográfico como elemento de entrada Arquitectos
Subdivisión geográfica México
9 (RLIN) 5823
650 ## - PUNTO DE ACCESO ADICIONAL DE MATERIA--TÉRMINO DE MATERIA
Término de materia o nombre geográfico como elemento de entrada Urbanismo
Subdivisión geográfica México
9 (RLIN) 5191
655 ## - TÉRMINO DE INDIZACIÓN--GÉNERO/FORMA
Fuente del término Local
Datos o término principal de género/forma Libros ilustrados
9 (RLIN) 31434
942 ## - ELEMENTOS DE PUNTO DE ACCESO ADICIONAL (KOHA)
Fuente del sistema de clasificación o colocación Library of Congress Classification
Tipo de ítem Koha

No items available.